000 00316nam a22001457a 4500
005 20160701112243.0
008 160701b xxu||||| |||| 00| 0 eng d
041 _aeng
082 _b20303
245 _aThe mines rules 1955
260 _bgeeta
300 _a145
650 _aDiploma Engineering
_9817
942 _cBK
999 _c5042
_d5040